La renaissance italienne et la philosophie de l'histoire ... / (Record no. 68665)

MARC details
000 -LEADER
campo de control de longitud fija 00641nam a22002055i 4500
001 - NÚMERO DE CONTROL
campo de control 68665
003 - IDENTIFICADOR DE NÚMERO DE CONTROL
campo de control ES-MaACL
005 - FECHA Y HORA DE LA ÚLTIMA TRANSACCIÓN
campo de control 20230906170330.0
007 - CAMPO FIJO DE DESCRIPCIÓN FÍSICA--INFORMACIÓN GENERAL
campo de control de longitud fija t|
008 - DATOS DE LONGITUD FIJA--INFORMACIÓN GENERAL
campo de control de longitud fija 960814s1887 fr ||||1| fre d
040 ## - FUENTE DE CATALOGACIÓN
Centro catalogador/agencia de origen CAM
Lengua de catalogación spa
Centro/agencia transcriptor CAM
100 1# - ENTRADA PRINCIPAL--NOMBRE DE PERSONA
Nombre de persona Gebhart, Emile.
9 (RLIN) 56188
245 13 - MENCIÓN DEL TÍTULO
Título La renaissance italienne et la philosophie de l'histoire ... /
Mención de responsabilidad, etc. par Emile Gebhart.
260 ## - PUBLICACIÓN, DISTRIBUCIÓN, ETC.
Lugar de publicación, distribución, etc. Paris :
Nombre del editor, distribuidor, etc. librairie Léopold Cerf,
Fecha de publicación, distribución, etc. 1887 (
Lugar de fabricación/manufactura Versailles :
Fabricante Cerf et fils)
300 ## - DESCRIPCIÓN FÍSICA
Extensión IX, 270, [1] p. ;
Dimensiones 18 cm.
490 1# - MENCIÓN DE SERIE
Mención de serie Etudes méridionales
830 0# - PUNTO DE ACCESO ADICIONAL DE SERIE-TÍTULO UNIFORME
Título uniforme Etudes méridionales
9 (RLIN) 230953
852 ## - LOCALIZACIÓN
Ubicación ES-MaACL
Número de control de estantería F-9259
Holdings
Estatus retirado Estado de pérdida Estado de daño No para préstamo Colección Biblioteca de origen Biblioteca actual Ubicación en estantería Fecha de adquisición Fuente de adquisición Total de préstamos Signatura topográfica completa Código de barras Visto por última vez Precio de reemplazo Tipo de ítem Koha
        Libros del s. XIX Biblioteca del Ateneo de Madrid Biblioteca del Ateneo de Madrid Sala Pecera Planta 2 17/01/2008     F-9259 1071886 23/02/2023 23/02/2023 Libro impreso antiguo